00720nam a22001937a 450000500170000001000150001702000260003203500140005803700090007208200150008110000260009624500660012226000340018827000700022230000190029294200260031199900190033795201700035620250917150712.0 aENG-145701 a9789392210877c195.00 aEN-129233 bDBAD a305.56821 aAmbedkar, B R 985110 aAnnihilation Of Caste: Cuppa Freedom Classics/cB R Ambedkar aChandigarhbThe Browserc2025 bChandigarhaSCO 14-15, Sector 8-Ce160009mservice@thebrowser.org a85p.c20cm(pb) 2ddccENh305.568mAMB c212086d212086 001040708NFICaZLSbZLSd2025-07-04eDelivery of Books Act Divisiong195.00l1o305.568 AMBpEN-129233r2026-02-21 00:00:00s2026-02-07t1v195.00w2025-07-04yEN